Responses for Show #3739 - Thursday, November 30, 2000

Contestants

[<< previous game]

Seana Rasco, a sign language scheduler from Silver Spring, Maryland

Pat Grady, a computer analyst from Palatine, Illinois

Tim Morton, a military analyst from Stevensville, Maryland (whose 1-day cash winnings total $3,099)

[next game >>]

Jeopardy! Round responses

DALLAS
BLOSSOM
FAMILY TIES
CHEERS
GOLDEN GIRLS
THE "A"-TEAM
    $100 1
SMU (Southern Methodist University)

Tim
    $100 21
Judas tree

Triple Stumper
    $100 7
Russell Crowe

Pat
    $100 12
Margarita

Pat
    $100 22
Germany

Tim
    $100 6
(S: Who was Socrates?)

Aristotle

PatSeana
    $200 2
Tom Landry

Tim
    $200 27
Dogwood (from Dagwood)

Pat
    $200 8
Shirley MacLaine

Pat
    $200 13
Orange juice

Pat
    $200 23
Marion Jones

Pat
    $200 15
Argentina

Tim
    $300 3
(T: What is the Texas Book Store Depository?)
(P: What is the Texas Book Depository?)
(Alex: We'll accept that.)

Texas School Book Depository

TimPat
    $300 28
Apple blossom time

Tim
    $300 9
Dukakis

Pat
    $300 14
(T: What is a gimlet?)
(P: What is a rusty nail?)

Gibson

TimPatSeana
    $300 24
(with a minute to go...)

Jackie Joyner-Kersee

Pat
    $300 16
Antiques Roadshow

Pat
    $400 4
(S: Who is Fuzzy Zoeller?)

Lee Trevino

PatSeana
    $400 29
Ornamental

Tim
    $1,000 10
(P: Who is Elizabeth Taylor?)

Lady Bird Johnson

Pat
    $400 19
Singapore sling

Tim
    $400 25
Ekaterina Gordeeva

Pat
    $400 17
America

Seana
    $500 5
Texas Instruments

Seana
    $500 30
Camellia

Triple Stumper
    $500 11
Cesar Romero

Pat
    $500 20
Amaretto

Pat
    $500 26
(S: What is Hernandez?)

Fernandez

Seana
Triple Stumper
    $500 18
(S: Who was Gorbachev?)

Yuri Andropov

TimSeana

Scores at the first commercial break (after clue 14):

Tim Pat Seana
-$300 $900 $300

Scores at the end of the Jeopardy! Round:

Tim Pat Seana
$1,600 $2,800 -$300

Double Jeopardy! Round responses

CIVIL WAR LITERATURE
THE MOVIES
'ALLO, GOVERNOR!
(Alex: You have to name the state each one governs.)
MAGAZINES
HEY MR. WILSON!
SHAKESPEAREAN BEFORE & AFTER
    $200 1
Andersonville

Tim
    $200 3
Planet of the Apes

Tim
    $200 11
Oprah Winfrey

Pat
    $200 16
(T: Who is Dennis Wilson?)

Brian Wilson

TimPat
    $200 21
Little Richard III

Pat
    $400 2
"Gone With The Wind"

Pat
    $400 5
The Nightmare Before Christmas

Pat
    $400 12
People Magazine

Pat
    $400 17
Flip Wilson

Pat
    $400 22
Natalie Merchant of Venice

Seana
    $600 4
Confederate widow

Pat
    $600 6
Autumn in New York

Pat
    $600 13
Martha Stewart

Pat
    $2,400 18
Woodrow Wilson

Pat
    $600 23
(P: What is Tea for Two Gentlemen from Verona?)

Tea for Two Gentlemen of Verona

PatSeana
    $800 9
Baseball

Seana
    $800 7
(S: Who is Zsa Zsa Gabor?)

Tammy Faye (Bakker) Messner

PatSeana
    $800 14
Architectural Digest

Triple Stumper
    $800 19
Dooley Wilson

Triple Stumper
    $800 24
Antony and Cleopatra Jones

Pat
    $1000 10
"John Brown's Body"

Seana
    $1000 8
Beloved

Seana
    $3,200 15
Jet

Pat
    $1000 20
(we have a minute to go...)

August Wilson

Triple Stumper
    $1000 25
[The end-of-round signal sounds.]
(Alex: And we didn't get a chance to deal with the governors. That's all right. That'll come up in the near future.)

Henry V Wheel

Pat

Scores at the end of the Double Jeopardy! Round:

Tim Pat Seana
$1,800 $14,400 $2,700
(lock game)

[wagering suggestions for these scores]

Final Jeopardy! Round responses

CONTEMPORARY AMERICANS
TimWho is Ellison?
$1,799
SeanaWho is Steve Jobs?
$2,000
PatWho is Steve Jobs?
$5,600
Larry Ellison

Final scores:

Tim Pat Seana
$3,599 $8,800 $700
2nd place: Trip to Wyndham Morgan Bay Resort, St. Lucia, West Indies New champion: $8,800 3rd place: TicketsNow.com Gift Certificate

Game dynamics:

Coryat scores:

Tim Pat Seana
$1,800 $11,400 $2,700
10 R,
3 W
30 R
(including 2 DDs),
3 W
(including 1 DD)
8 R,
5 W

Combined Coryat: $15,900

[game clues] [game scores] [suggest correction]

Game tape date: 2000-10-03
The J! Archive is created by fans, for fans. Scraping, republication, monetization, and malicious use prohibited; this site may use cookies and collect identifying information. See terms. The Jeopardy! game show and all elements thereof, including but not limited to copyright and trademark thereto, are the property of Jeopardy Productions, Inc. and are protected under law. This website is not affiliated with, sponsored by, or operated by Jeopardy Productions, Inc. Join the discussion at JBoard.tv.